000 00445nam a22001817a 4500
003 MPLRDC
005 20220104125424.0
008 210129b ||||| |||| 00| 0 eng d
020 _a962-451-206-4
082 _a857.9 SYK v.3
100 _a石玉昆原著
245 _a南侠展昭
_c廉正明新编
260 _a
_b皇冠出版社
_c
300 _b
490 _a奇情侠义. 3
650 _a武侠小说
942 _cBK
_o857.9 SYK v.3
999 _c27231
_d27221